Lawmen of the Old West: Good Vs. Evil.

As outlaws refined their trade, so too did the lawmen. Federal or state, town or county, public or private, these men all fought to enforce law and order upon an unruly and violent land.

Bibliographic Details
Corporate Author: Kanopy (Firm)
Format: Video
Language:Undetermined
Language Notes:In English
Published: [San Francisco, California, USA] : Kanopy Streaming, 2015.
Subjects:
Online Access:Connect to this streaming video

MARC

Tag First Indicator Second Indicator Subfields
LEADER 00000cgm a2200000za 4500
001 in00003589021
006 m o c
007 vz uzazuu
007 cr una---unuuu
008 150908p20152014cau047 o vlund d
005 20260324165828.8
028 5 2 |a 1140005  |b Kanopy 
035 |a (CaSfKAN)kan1140005 
040 |a VDU  |b eng  |c VDU  |d UtOrBLW 
245 0 0 |a Lawmen of the Old West: Good Vs. Evil. 
264 1 |a [San Francisco, California, USA] :  |b Kanopy Streaming,  |c 2015. 
300 |a 1 online resource (streaming video file) 
306 |a Duration: 48 minutes 
336 |a two-dimensional moving image  |b tdi  |2 rdacontent 
337 |a computer  |b c  |2 rdamedia 
338 |a online resource  |b cr  |2 rdacarrier 
500 |a Title from title frames. 
518 |a Originally produced by Mill Creek Entertainment in 2014. 
520 |a As outlaws refined their trade, so too did the lawmen. Federal or state, town or county, public or private, these men all fought to enforce law and order upon an unruly and violent land. 
538 |a Mode of access: World Wide Web. 
546 |a In English 
500 |a Electronic resource. 
653 |a History - Modern 
653 |a North American Studies 
655 7 |a Nonfiction films.  |2 lcgft  |0 http://id.loc.gov/authorities/genreForms/gf2011026423 
655 7 |a Internet videos.  |2 lcgft  |0 http://id.loc.gov/authorities/genreForms/gf2011026337 
710 2 |a Kanopy (Firm)  |0 http://id.loc.gov/authorities/names/no2014091415 
856 4 0 |u http://proxy.library.tamu.edu/login?url=https://texasam.kanopystreaming.com/node/140006  |z Connect to this streaming video  |t 0 
999 f f |s 4b2f54f2-8c8f-3d27-a134-61ea1c33064c  |i 43fd0530-d675-3fce-b821-252d094406b0  |t 0 
952 f f |a Texas A&M University  |b College Station  |c Electronic Resources  |s www_evans  |d Available Online  |t 0  |h No information provided 
998 f f |t 0  |l Available Online